| 000 | 00998nam a2200289 i 4500 | ||
|---|---|---|---|
| 001 | bg | ||
| 100 | 1 | _aSZPUNAR, Adam | |
| 245 | 1 | 0 |
_aWstąpienie w prawa zaspokojonego wierzyciela / _cAdam Szpunar. |
| 250 | _aStan prawny na 1 lipca 2000 r. | ||
| 260 |
_aKraków : _b"Zakamycze", _c2000. |
||
| 300 |
_a193, [1] s. ; _c20 cm. |
||
| 490 | 1 | _aMonografie "Zakamycza" | |
| 504 | _aBibliogr. | ||
| 650 | 9 |
_aPrawo cywilne _zEuropa Zachodnia _ystan na 2000 r. |
|
| 650 | 9 |
_aPrawo cywilne _zPolska _ystan na 2000 r. |
|
| 650 | 9 |
_aWierzytelność _xprawo _zEuropa Zachodnia _ystan na 2000 r. |
|
| 650 | 9 |
_aWierzytelność _xprawo _zPolska _ystan na 2000 r. |
|
| 830 | _aMonografie "Zakamycza" | ||
| 020 | _a8388551159 | ||
| 040 | _cBPK | ||
| 041 | 0 | _apol | |
| 080 | _a347.4/.5(438+4-15) | ||
| 920 | _a83-88551-15-9 | ||
| 942 | _cKS | ||
| 008 | s pl f |000 0 pol | ||
| 999 |
_c45624 _d45624 |
||
| 856 |
_uhttp://koha.tu.koszalin.pl/cgi-bin/koha/opac-detail.pl?biblionumber=45624 _yKatalog online BPK |
||